Determinants of the Performance of Grade VI Pupils in the National Achievement Test/ (Record no. 11135)

MARC details
000 -LEADER
fixed length control field 01082nam a22002177i 4500
003 - CONTROL NUMBER IDENTIFIER
control field URS
005 - DATE AND TIME OF LATEST TRANSACTION
control field 20220117094448.0
008 - FIXED-LENGTH DATA ELEMENTS--GENERAL INFORMATION
fixed length control field 200217b ||||| |||| 00| 0 eng d
100 1# - MAIN ENTRY--PERSONAL NAME
Personal name Zonio, Richard Zata
245 1# - TITLE STATEMENT
Title Determinants of the Performance of Grade VI Pupils in the National Achievement Test/
Statement of responsibility, etc. Zonio, Richard Zata
260 #1 - PUBLICATION, DISTRIBUTION, ETC.
Date of publication, distribution, etc. 2011
300 ## - PHYSICAL DESCRIPTION
Extent xii, 138 leaves:
Other physical details illustrations,
Dimensions 28 cm.
336 ## - CONTENT TYPE
Source rdacontent
Content type term text
337 ## - MEDIA TYPE
Source rdamedia
Media type term unmediated
338 ## - CARRIER TYPE
Source rdacarrier
Carrier type term volume
502 ## - DISSERTATION NOTE
Dissertation note Graduate Study Thesis
Degree type Master of Arts in Education major in Educational Management
Name of granting institution University of Rizal System, Rodriguez
Year degree granted 2011
520 ## - SUMMARY, ETC.
Summary, etc. This study aimed to find the Determinants of the Performance of Grade Six Pupils in the National nAchievement Test (NAT) made use of the descriptive correlational method to determine variables which affect the NAT performance susch as pupil's profile, teacher's profile and the school's profile.
650 ## - SUBJECT ADDED ENTRY--TOPICAL TERM
Source of heading or term National Achievement Test.
650 ## - SUBJECT ADDED ENTRY--TOPICAL TERM
Source of heading or term Educational tests and measurements--Philippines.
942 ## - ADDED ENTRY ELEMENTS (KOHA)
Source of classification or shelving scheme Library of Congress Classification
Koha item type Theses and dissertations
Holdings
Withdrawn status Source of classification or shelving scheme Damaged status Not for loan Home library Current library Shelving location Date acquired Total Checkouts Full call number Barcode Date last seen Price effective from Koha item type
  Library of Congress Classification     Rodriguez College Library Rodriguez Graduate Library Reference 02/17/2020   LG 995 Z11 2011 URSROD-GST-0022 02/17/2020 02/17/2020 Theses and dissertations

University of Rizal System
Email us at univlibservices@urs.edu.ph

Visit our Website www.urs.edu.ph/library